000 00528nam a2200205Ia 4500
003 OSt
005 20230415085355.0
008 210423s2007 xx 000 0 und d
020 _a9780521711524
040 _cAL
041 _aeng
082 _a425
_223
_bRADA
100 _aRADFORD (Andrew).
_988572
245 _aEnglish syntax: introduction.
260 _aCambridge
_bCambridge University Press
_c2007
300 _axi,384
_bPB
365 _b375
_cINR
906 _aEnglish ; introduction. ; syntax:
942 _2ddc
_cBK
999 _c157485
_d157485